[Event "SC Kreuzberg IM-Turnier 2018"]
[Site "Berlin"]
[Date "2018.08.08"]
[Round "3.5"]
[White "Sandu, Mihaela"]
[Black "Muse, Drazen"]
[Result "1/2-1/2"]
[WhiteElo "2268"]
[BlackElo "2361"]
[Annotator "Andreas Lange/BerlinBase_Referenz"]
[PlyCount "26"]
[EventDate "2018.08.06"]
[EventType "tourn"]
[EventRounds "9"]
[EventCountry "GER"]
[SourceTitle "SC Kreuzberg IM 2018"]
[Source "Andreas Lange"]
[SourceDate "2018.08.16"]
[SourceVersion "1"]
[SourceVersionDate "2018.08.16"]
[SourceQuality "1"]

{B01: Skandinavische Verteidigung} 1. e4 d5 2. exd5 Qxd5 3. Nc3 Qd6 4. d4 Nf6
5. Nf3 a6 6. g3 Bg4 7. h3 (7. Bg2 Nc6 8. O-O O-O-O 9. h3 Bh5 10. Bf4 Qb4 11. g4
Bg6 12. a3 Qxb2 13. Qe1 e6 14. Rb1 Qxc2 15. Ne5 Nd5 16. Rc1 Nxf4 17. Rxc2 Nxg2
18. Kxg2 Nxe5 19. Rd2 Nc4 20. Rd1 Nb2 21. Rd2 Nc4 {Hracek,Z (2636)-Muse,M 
(2424) 1. Bundesliga 2013/14 Hamburg 2013 ½-½} 22. Rd1) 7... Bh5 8. Bg2 (8.
Bf4 Qb6 9. Bg2 Nc6 10. g4 Bg6 11. O-O O-O-O 12. Na4 Qa7 13. c4 Nxd4 14. Be3
Nxf3+ 15. Qxf3 Qb8 16. Nc5 e5 17. Qxb7+ Qxb7 18. Bxb7+ Kb8 19. Bxa6 Bxc5 20.
Bxc5 Rd2 21. b4 Rhd8 22. a4 Ne4 {Schulz,T (1676)-Fock,A (1574) DEM U17w
Willingen 2017 ½-½ (37)}) 8... Nc6 9. Be3 O-O-O 10. O-O e6 11. a3 Nd5 12.
Nxd5 exd5 13. b4 f6 1/2-1/2

[Event "SC Kreuzberg IM-Turnier 2018"]
[Site "Berlin"]
[Date "2018.08.09"]
[Round "4.1"]
[White "Brunello, Marina"]
[Black "Muse, Drazen"]
[Result "1-0"]
[WhiteElo "2280"]
[BlackElo "2361"]
[Annotator "Andreas Lange/BerlinBase_Referenz"]
[PlyCount "125"]
[EventDate "2018.08.06"]
[EventType "tourn"]
[EventRounds "9"]
[EventCountry "GER"]
[SourceTitle "SC Kreuzberg IM 2018"]
[Source "Andreas Lange"]
[SourceDate "2018.08.16"]
[SourceVersion "1"]
[SourceVersionDate "2018.08.16"]
[SourceQuality "1"]

{B06: Moderne Verteidigung} 1. e4 g6 2. d4 Bg7 3. Nc3 a6 4. Nf3 d6 5. Be3 Nd7
6. Bd3 (6. a4 b6 7. Bc4 e6 8. Qd2 Bb7 9. O-O h6 10. Ne1 Ngf6 11. f3 d5 12. exd5
exd5 13. Ba2 c6 14. Nd3 Kf8 15. Rfe1 Kg8 16. Bf2 Kh7 17. Re2 Re8 18. Rae1 Rxe2
19. Nxe2 a5 20. Nef4 Qf8 {Paehtz,T (2459)-Polzin,R (2462) 1. Bundesliga 2002/
03, Erfurt 2002 0-1 (50)} 21. Ne5) 6... Ngf6 (6... b5 7. O-O Bb7 8. h3 Ngf6 9.
a3 c5 10. Nd2 cxd4 11. Bxd4 O-O 12. Ne2 Nc5 13. Ng3 Qc7 14. Bxc5 dxc5 15. c3
Rad8 16. Bc2 Bh6 {0-1 (16) Weiss,P (1926)-Hoffmann,P (1826) Berlin BMM 2014/15
Stadtliga B 2014}) 7. Qd2 Ng4 8. Bg5 h6 9. Bh4 g5 10. Bg3 c5 11. Ne2 cxd4 12.
Nfxd4 Nc5 13. h4 Ne5 14. hxg5 hxg5 15. O-O-O Rxh1 16. Rxh1 Qb6 17. Rh7 Bf6 18.
Bxe5 Nxd3+ 19. Qxd3 dxe5 20. Qc4 e6 21. Nf5 Bd7 22. Ne3 Rc8 23. Qd3 Bb5 24. Qd1
Rd8 25. Qe1 Be7 26. Ng4 Qc5 27. Nc3 Bc4 28. Nh6 g4 29. Rh8+ Kd7 30. Qd2+ Qd4
31. Rxd8+ Kxd8 32. Nxg4 Ke8 33. Qh6 b5 34. Qh8+ Bf8 35. Qxe5 Qxe5 36. Nxe5 Bf1
37. g3 Bg2 38. a3 Bc5 39. Nd3 Bd4 40. Ne2 Bb6 41. e5 Be4 42. f4 Be3+ 43. Kd1
Bf3 44. Ke1 Kd7 45. Nc3 Kc7 46. Nd1 Bd4 47. Kd2 Kb7 48. Ne3 Kc7 49. c3 Bb6 50.
Nb4 Bb7 51. Nbc2 Kd7 52. Nd4 Be4 53. Ng4 Bb1 54. Ke3 Bc5 55. Nf6+ Kc7 56. Ne4
Bb6 57. b4 Kd8 58. Nc5 Bxc5 59. bxc5 Ba2 60. g4 Bd5 61. f5 exf5 62. gxf5 Kd7
63. Kf4 1-0

[Event "SC Kreuzberg IM-Turnier 2018"]
[Site "Berlin"]
[Date "2018.08.09"]
[Round "4.2"]
[White "Moritz, Aron"]
[Black "Sandu, Mihaela"]
[Result "0-1"]
[WhiteElo "2199"]
[BlackElo "2268"]
[Annotator "Andreas Lange/BerlinBase_Referenz"]
[PlyCount "110"]
[EventDate "2018.08.06"]
[EventType "tourn"]
[EventRounds "9"]
[EventCountry "GER"]
[SourceTitle "SC Kreuzberg IM 2018"]
[Source "Andreas Lange"]
[SourceDate "2018.08.16"]
[SourceVersion "1"]
[SourceVersionDate "2018.08.16"]
[SourceQuality "1"]

{B82: Sizilianisch (Scheveninger System)} 1. e4 c5 2. Nf3 d6 3. d4 cxd4 4. Nxd4
Nf6 5. Nc3 a6 6. Be3 e6 7. f4 b5 8. Qf3 Bb7 9. Bd3 Nbd7 10. g4 b4 11. Nce2 Nc5
(11... e5 12. Nb3 d5 13. Ng3 Be7 14. O-O-O O-O 15. g5 dxe4 16. Nxe4 Nxe4 17.
Bxe4 Bxe4 18. Qxe4 exf4 19. Qxf4 Qc8 20. Nd4 g6 21. h4 Nc5 22. h5 Ra7 23. Nf3
Ne6 24. Qe5 Bc5 25. Nd4 Bxd4 26. Rxd4 Rc7 27. Rd2 Re8 28. h6 Qb7 29. Re1 Qb5
30. Rd5 Qc4 31. c3 Qxa2 32. Bd4 f6 33. Qxf6 Qa1+ 34. Kd2 Qxb2+ 35. Kd3 Nf4+ 36.
Qxf4 Rxc3+ {0-1 (36) Glantz,R (2228)-Schlemermeyer,W (2279), 2. Bundesliga
Nord 2009/10, Berlin 2009}) 12. Ng3 Nfd7 (12... e5 13. Ndf5 exf4 14. Bxf4 d5
15. O-O-O Qa5 16. Rhe1 O-O-O 17. g5 dxe4 18. Nxe4 Nxd3+ 19. Rxd3 Rxd3 20. Qxd3
Nxe4 21. Rxe4 Bxe4 22. Qxe4 Qb5 23. Qa8+ Kd7 24. Qa7+ Ke8 25. Qa8+ Kd7 {
½-½ (25) Moritz,A (2104)-Offermann,F (2130) Berlin BEM 2012 Klasse M}) 13.
O-O g6 14. g5 Bg7 15. a3 Nxd3 16. cxd3 bxa3 17. bxa3 O-O 18. Rab1 Rb8 19. Qf2
Nc5 20. Nb3 Na4 21. Ba7 Rc8 22. Bd4 e5 23. Be3 exf4 24. Qxf4 Be5 25. Qf2 Nc3
26. Rbe1 d5 27. Bc5 Bd6 28. e5 Be7 29. Bxe7 Qxe7 30. Qf6 Rc7 31. Nd4 Bc8 32.
Rc1 Qc5 33. Rf4 Qxa3 34. Rcf1 Qe7 35. Rh4 Qxf6 36. exf6 Re8 37. Rff4 Nd1 38.
Rh6 Rc1 39. Nde2 Rb1 40. h3 Nc3+ 41. Kf2 Nxe2 42. Rfh4 Nxg3 43. Kxg3 Rg1+ 44.
Kf4 Rf1+ 45. Kg3 Rf5 46. Rxh7 Rxg5+ 47. Kf4 Rf5+ 48. Kg3 Re3+ 49. Kg2 Rh5 50.
Rg7+ Kf8 51. Rxh5 gxh5 52. Rh7 Ke8 53. Rh8+ Kd7 54. Rf8 Re8 55. Rxf7+ Ke6 0-1

[Event "SC Kreuzberg IM-Turnier 2018"]
[Site "Berlin"]
[Date "2018.08.09"]
[Round "4.3"]
[White "Kalinitschew, Sergey"]
[Black "Malek, Daniel"]
[Result "1-0"]
[WhiteElo "2430"]
[BlackElo "2383"]
[Annotator "Andreas Lange/BerlinBase_Referenz"]
[PlyCount "89"]
[EventDate "2018.08.06"]
[EventType "tourn"]
[EventRounds "9"]
[EventCountry "GER"]
[SourceTitle "SC Kreuzberg IM 2018"]
[Source "Andreas Lange"]
[SourceDate "2018.08.16"]
[SourceVersion "1"]
[SourceVersionDate "2018.08.16"]
[SourceQuality "1"]

{D39: Damengambit (Ragosin-Verteidigung)} 1. Nf3 d5 2. d4 Nf6 3. c4 e6 4. Nc3
Bb4 5. Bg5 dxc4 6. e4 h6 7. Bxf6 Qxf6 8. Bxc4 c5 9. O-O cxd4 10. Nb5 $5 (10.
Qxd4 Qxd4 11. Nxd4 a6 12. Rac1 Bd7 13. Rfd1 Nc6 14. Bb3 Nxd4 15. Rxd4 Bc5 16.
Rc4 Bd6 17. Rd1 Be5 18. Rc5 f6 19. Na4 Rd8 20. Nb6 Bc6 21. Rxd8+ Kxd8 22. Rc2
Ke7 23. Nc4 Rd8 24. Re2 Bb5 {Simon,R (2173)-Von Herman,U (2379) Berlin
Lichtenberger Sommer 2014 0-1}) (10. e5 Qd8 11. Ne4 O-O 12. Qe2 Be7 13. Rad1
Qc7 14. Bd3 Nd7 15. Rc1 Qa5 16. g4 Nxe5 17. Nxe5 Qxe5 18. f4 Qa5 19. g5 Qd8 20.
h4 Bd7 21. gxh6 g6 22. h5 Kh8 23. Kh2 Bc6 24. Rf3 Bd6 {Aronjan,L (2794)
-Caruana,F (2784) Berlin Kuehlhaus Kandidatenfinale WM 2018 0-1 (37)}) 10...
Na6 11. e5 Qd8 12. Qe2 O-O 13. Rfd1 Bd7 14. Nfxd4 Qb6 15. a3 Bc5 16. b4 Bxd4
17. Nxd4 Rfd8 18. b5 Nc5 19. a4 a5 20. Qe3 Qc7 21. Be2 Be8 22. Bf3 Qe7 23. Rdc1
Rac8 24. Rc4 f6 25. Rac1 fxe5 26. Nc6 Bxc6 27. Rxc5 Bd7 28. Qxe5 Rxc5 29. Rxc5
Rc8 30. Rxc8+ Bxc8 31. Qb8 Qd7 32. h4 Kf7 33. b6 Ke7 34. Qe5 Kd8 35. g3 Qe7 36.
Kg2 Qd7 37. Qc5 Qe7 38. Qxa5 Qd6 39. Qa7 Qe7 40. Qb8 e5 41. a5 h5 42. a6 e4 43.
Qc7+ Qxc7 44. bxc7+ Kxc7 45. a7 1-0

[Event "SC Kreuzberg IM-Turnier 2018"]
[Site "Berlin"]
[Date "2018.08.09"]
[Round "4.4"]
[White "Glantz, Robert"]
[Black "Barath, Madhan"]
[Result "0-1"]
[WhiteElo "2336"]
[BlackElo "2307"]
[Annotator "Andreas Lange/BerlinBase_Referenz"]
[PlyCount "58"]
[EventDate "2018.08.06"]
[EventType "tourn"]
[EventRounds "9"]
[EventCountry "GER"]
[SourceTitle "SC Kreuzberg IM 2018"]
[Source "Andreas Lange"]
[SourceDate "2018.08.16"]
[SourceVersion "1"]
[SourceVersionDate "2018.08.16"]
[SourceQuality "1"]

{E60: Königsindisch (ohne Sc3)} 1. Nf3 Nf6 2. b3 d6 3. d4 g6 4. Bb2 Bg7 5. g3
O-O 6. Bg2 c5 7. c4 Nc6 8. O-O Ne4 9. h3 (9. Qc2 f5 10. e3 Qc7 11. d5 Nb4 12.
Qe2 Nf6 13. a3 Na6 14. Nc3 Bd7 15. Rad1 Rae8 16. Rfe1 Qb8 17. Qc2 Nc7 18. Ne2
Ne4 19. Bxg7 Kxg7 20. Nd2 Ng5 21. h4 Nf7 22. Nf4 Qc8 23. e4 Kg8 {Fiedler,W 
(1965)-Schoeneberg,G (1705) Berliner Sommer 1995 1-0 (50)}) 9... f5 10. e3 e5
11. Na3 exd4 12. exd4 Ng5 13. Nc2 f4 14. g4 Nxh3+ 15. Bxh3 h5 16. Nh2 f3 17.
Re1 hxg4 18. Kh1 Qh4 19. Bxg4 Bxg4 20. Rg1 Bh3 21. Rg3 Bg2+ 22. Kg1 Rf5 23. Rg4
Qh3 24. Ne3 Rh5 25. Rxg2 fxg2 26. Neg4 cxd4 27. Bc1 Ne5 28. Bf4 Nxg4 29. Qxg4
Qxg4 0-1

[Event "SC Kreuzberg IM-Turnier 2018"]
[Site "Berlin"]
[Date "2018.08.09"]
[Round "4.5"]
[White "Meissner, Felix"]
[Black "Berger, Steve"]
[Result "1/2-1/2"]
[WhiteElo "2330"]
[BlackElo "2428"]
[Annotator "Andreas Lange/BerlinBase_Referenz"]
[PlyCount "21"]
[EventDate "2018.08.06"]
[EventType "tourn"]
[EventRounds "9"]
[EventCountry "GER"]
[SourceTitle "SC Kreuzberg IM 2018"]
[Source "Andreas Lange"]
[SourceDate "2018.08.16"]
[SourceVersion "1"]
[SourceVersionDate "2018.08.16"]
[SourceQuality "1"]

{C07: Französische Verteidigung (Tarrasch-Variante)} 1. e4 e6 2. d4 d5 3. Nd2
c5 4. exd5 Qxd5 5. Ngf3 cxd4 6. Bc4 Qd7 7. O-O Nc6 8. Nb3 Nf6 9. Nbxd4 Nxd4 10.
Qxd4 (10. Nxd4 a6 11. Bg5 (11. Re1 b5 (11... Be7 12. c3 b5 13. Bb3 O-O 14. Qe2
Nd5 15. Be3 Bb7 16. Rad1 Bf6 17. Bc2 Rfd8 18. Nb3 Rac8 19. Nc5 Qc6 20. Nxb7
Qxb7 21. Qh5 g6 22. Qf3 Qe7 23. Bd4 Bxd4 24. Rxd4 b4 {Reitz,P (1522)-Heldt,R 
(1758) Offene DEM Jugend A, Magdeburg 2014 1-0 (32)}) 12. Bb3 Bb7 13. Bg5 Ne4
14. Bh4 g5 15. Bg3 Bg7 16. c3 h5 17. f3 h4 18. Bxh4 Rxh4 19. fxe4 Rxe4 20. Rxe4
Bxe4 21. Qd2 Rd8 22. Rd1 Qe7 23. Qe2 Bb7 24. Qh5 Be4 25. Qe2 Bd5 26. Bxd5 {
Fruebing,S (2392)-Meier,G (2621) 1. Bundesliga 2016/17 Speyer 2017 0-1 (56)})
11... Qc7 (11... Bc5 12. c3 Qc7 13. Bd3 Be7 14. Qf3 O-O 15. Rfe1 h6 16. Bh4 Bd7
17. Nf5 Bc6 18. Qg3 Qxg3 19. Nxe7+ Kh8 20. Bxg3 Bd7 21. Rad1 Rfe8 22. Bd6 Rad8
23. Bc2 Bb5 24. Ba3 g5 25. b3 Rxd1 {Karjakin,S (2762)-Socko,B (2599) Berlin
Meierei Bolle Blitz-WM 2015 1-0}) 12. Qe2 Be7 13. Rfe1 O-O 14. Bb3 Re8 15. Rad1
Bd7 16. Qf3 b5 17. Nf5 exf5 18. Rxe7 Rxe7 19. Qxa8+ Re8 20. Qf3 Ne4 21. Bf4 Qc8
22. c3 Be6 {½-½ (22) Sprenger,J (2496)-Meier,G (2634) 1. Bundesliga 2017/18
Deizisau 2018}) 10... Qxd4 11. Nxd4 1/2-1/2

[Event "SC Kreuzberg IM-Turnier 2018"]
[Site "Berlin"]
[Date "2018.08.10"]
[Round "5.1"]
[White "Berger, Steve"]
[Black "Brunello, Marina"]
[Result "1-0"]
[WhiteElo "2428"]
[BlackElo "2280"]
[Annotator "Andreas Lange/BerlinBase_Referenz"]
[PlyCount "69"]
[EventDate "2018.08.06"]
[EventType "tourn"]
[EventRounds "9"]
[EventCountry "GER"]
[SourceTitle "SC Kreuzberg IM 2018"]
[Source "Andreas Lange"]
[SourceDate "2018.08.16"]
[SourceVersion "1"]
[SourceVersionDate "2018.08.16"]
[SourceQuality "1"]

{B23: Sizilianisch (Geschlossenes System)} 1. e4 c5 2. Nc3 a6 3. g3 Nc6 4. Nge2
(4. Bg2 d6 (4... g6 {Schueler,W (1965)-Jaskulski,K (1575) Berlin Unicorn Open
2004 1-0 (38)}) (4... Nf6 {Paris,G (1587)-Napoli,F (1732) Berlin Lichtenberger
Sommer 2013 0-1 (48)}) 5. d3 h5 6. h3 g6 7. f4 Nf6 8. Be3 Bg7 9. Qd2 Qc7 10.
Nf3 Rb8 11. O-O b5 12. Rae1 b4 13. Na4 O-O 14. f5 gxf5 15. Bh6 Nh7 16. Bxg7
Kxg7 17. Ng5 f6 18. Nxh7 Kxh7 19. Qe2 {Lerch,P (1951)-Kersten,M (1800) Berlin
Offenes Qualifikationsturnier 2010 1-0 (37)}) 4... g6 5. d4 cxd4 6. Nxd4 Bg7 7.
Be3 d6 8. Nd5 Rb8 9. Bg2 Nf6 10. Nb3 b5 11. h3 O-O 12. O-O Ne5 13. Ba7 Rb7 14.
Bd4 Rd7 15. a4 e6 16. Nxf6+ Bxf6 17. axb5 axb5 18. Ra8 Bg7 19. Na5 Qc7 20. Qd2
Nc4 21. Nxc4 Qxc4 22. Bxg7 Kxg7 23. b3 Qc5 24. Ra5 Rb7 25. c4 Rb6 26. Rc1 Qc7
27. Rxb5 Rxb5 28. cxb5 Qb6 29. Qc3+ Kg8 30. Qc6 Qb8 31. Rd1 Rd8 32. b6 d5 33.
Qc7 Bb7 34. exd5 exd5 35. Bxd5 1-0

[Event "SC Kreuzberg IM-Turnier 2018"]
[Site "Berlin"]
[Date "2018.08.10"]
[Round "5.2"]
[White "Barath, Madhan"]
[Black "Meissner, Felix"]
[Result "0-1"]
[WhiteElo "2307"]
[BlackElo "2330"]
[Annotator "Andreas Lange/BerlinBase_Referenz"]
[PlyCount "98"]
[EventDate "2018.08.06"]
[EventType "tourn"]
[EventRounds "9"]
[EventCountry "GER"]
[SourceTitle "SC Kreuzberg IM 2018"]
[Source "Andreas Lange"]
[SourceDate "2018.08.16"]
[SourceVersion "1"]
[SourceVersionDate "2018.08.16"]
[SourceQuality "1"]

{E32: Nimzoindisch (4.Dc2)} 1. d4 Nf6 2. c4 e6 3. Nc3 Bb4 4. Qc2 O-O 5. e4 d6
6. Bd3 (6. Bg5 h6 7. Bh4 e5 8. d5 Bxc3+ 9. bxc3 g5 10. Bg3 Nh5 11. Bd3 Na6 12.
Ne2 Nc5 13. f3 f5 14. exf5 Nxd3+ 15. Qxd3 Bxf5 16. Qe3 Qf6 17. Bf2 Bg6 18. c5
Nf4 19. Nxf4 exf4 20. Qd2 Rae8+ {Ponkratov,P (2604)-Khismatullin,D (2651)
Berlin Meierei Bolle Blitz-WM 2015 1-0 (43)}) (6. a3 Bxc3+ 7. bxc3 Nbd7 8. Bd3
c5 9. Ne2 Qc7 10. O-O b5 11. Qa2 cxd4 12. cxd4 bxc4 13. Qxc4 Qxc4 14. Bxc4 Nxe4
15. Bf4 Nb6 16. Bd3 d5 17. Rfc1 Bd7 18. f3 Nf6 19. Ba6 Bc8 20. Bb5 Bd7 {
Richter,M (2484)-Balogh,C (2662) 1. Bundesliga 2011/12 Meissen 2012 ½-½})
6... e5 7. a3 Bxc3+ 8. bxc3 c5 9. d5 Nh5 10. Ne2 Qh4 11. O-O Nd7 12. g3 Qh3 13.
f3 g6 14. g4 Ng7 15. Ng3 h5 16. Qe2 Qh4 17. g5 f6 18. f4 fxg5 19. fxg5 Rf4 20.
Kh1 Nf8 21. Qe3 Rxf1+ 22. Nxf1 Nh7 23. Ra2 Bh3 24. Ng3 Rf8 25. Rf2 Rxf2 26.
Qxf2 Qg4 27. Be2 Qc8 28. Nxh5 Nxh5 29. Bxh5 gxh5 30. g6 Qd7 31. gxh7+ Kxh7 32.
Bg5 Kg8 33. Qg3 Bg4 34. Bf6 Qh7 35. Qe3 Qg6 36. Bg5 Bd1 37. h4 Bc2 38. Kh2 Bxe4
39. Qf2 b6 40. Be7 Kh7 41. Bg5 Bf5 42. Qf3 Qf7 43. Qf2 Kg8 44. Qe3 Kf8 45. Kg2
Ke8 46. Qd2 Be4+ 47. Kg1 Qf3 48. Qh2 Qd1+ 49. Kf2 Qc2+ 0-1

[Event "SC Kreuzberg IM-Turnier 2018"]
[Site "Berlin"]
[Date "2018.08.10"]
[Round "5.3"]
[White "Malek, Daniel"]
[Black "Glantz, Robert"]
[Result "1-0"]
[WhiteElo "2383"]
[BlackElo "2336"]
[Annotator "Andreas Lange/BerlinBase_Referenz"]
[PlyCount "95"]
[EventDate "2018.08.06"]
[EventType "tourn"]
[EventRounds "9"]
[EventCountry "GER"]
[SourceTitle "SC Kreuzberg IM 2018"]
[Source "Andreas Lange"]
[SourceDate "2018.08.16"]
[SourceVersion "1"]
[SourceVersionDate "2018.08.16"]
[SourceQuality "1"]

{E73: Königsindisch (Awerbach-Angriff)} 1. c4 Nf6 2. Nc3 g6 3. d4 Bg7 4. e4 d6
5. Be2 O-O 6. Be3 c5 7. d5 e6 8. Nf3 exd5 9. cxd5 Bg4 10. Nd2 Bxe2 11. Qxe2 Re8
12. O-O Na6 13. Kh1 Nc7 14. a4 Qe7 (14... a6 15. f3 b5 16. axb5 axb5 17. Nxb5
Nxb5 18. Rxa8 Qxa8 19. Qxb5 Nxd5 20. Bxc5 Nc7 21. Qb6 dxc5 22. Qxc7 Qa6 23.
Qxc5 Qd3 24. Qc1 Rd8 25. Nb1 Bxb2 26. Qe1 Rc8 27. Qd1 Qb5 28. Re1 Kg7 29. g3 {
Malek,D (2403)-Kanarek,M (2506) 2. Bundesliga Nord 2017/18 Berlin 2018 ½-½ 
(72)}) 15. Rae1 Nd7 16. f4 Bxc3 17. bxc3 Nf6 18. Qd1 Nxe4 19. Bxc5 f5 20. Nxe4
fxe4 21. Bd4 Nxd5 22. f5 g5 23. Qh5 Nf4 24. Qh6 Nd3 25. Rxe4 Ne5 26. Bxe5 dxe5
27. f6 Qf7 28. Qxg5+ Kh8 29. Rxe5 Rxe5 30. Qxe5 Re8 31. Qd4 b6 32. h3 Rf8 33.
Rf5 Re8 34. Re5 Rf8 35. Rd5 Qxf6 36. Rf5 Qxd4 37. Rxf8+ Kg7 38. cxd4 Kxf8 39.
Kg1 Ke7 40. Kf2 Ke6 41. Ke3 a6 42. g4 b5 43. axb5 axb5 44. h4 b4 45. Kd3 b3 46.
h5 h6 47. Kc3 Kd5 48. g5 1-0

[Event "SC Kreuzberg IM-Turnier 2018"]
[Site "Berlin"]
[Date "2018.08.10"]
[Round "5.4"]
[White "Sandu, Mihaela"]
[Black "Kalinitschew, Sergey"]
[Result "1/2-1/2"]
[WhiteElo "2268"]
[BlackElo "2430"]
[Annotator "Andreas Lange/BerlinBase_Referenz"]
[PlyCount "99"]
[EventDate "2018.08.06"]
[EventType "tourn"]
[EventRounds "9"]
[EventCountry "GER"]
[SourceTitle "SC Kreuzberg IM 2018"]
[Source "Andreas Lange"]
[SourceDate "2018.08.16"]
[SourceVersion "1"]
[SourceVersionDate "2018.08.16"]
[SourceQuality "1"]

{B32: Sizilianisch (Löwenthal-Variante)} 1. e4 c5 2. Nf3 Nc6 3. d4 cxd4 4. Nxd4
e5 5. Nb5 d6 6. N1c3 a6 7. Na3 Be6 8. Nc4 b5 (8... Rb8 9. Nd5 (9. a4 Nf6 10.
Bg5 Nd4 11. Ne3 Rc8 12. Bd3 Be7 13. Bxf6 Bxf6 14. Ncd5 Bg5 15. c3 Nc6 16. O-O
O-O 17. Qe2 g6 18. Bc4 Kh8 19. Rfd1 Bd7 20. b4 f5 21. f3 a5 22. Bb5 axb4 23. c4
{Koch,F (2058)-Kalinitschew,S (2469) Berlin Unicorn Open 2008 0-1 (30)}) (9.
Bd3 Nf6 10. O-O Be7 11. Re1 O-O 12. Ne3 Qd7 13. Ncd5 Bd8 14. c3 Bxd5 15. exd5
Ne7 16. Qf3 Re8 17. a4 Bb6 18. Nc4 Bd8 19. Ne3 Bb6 20. Nc4 Bd8 21. Bg5 Nexd5
22. Rad1 b5 23. axb5 axb5 {Szelag,M (2491)-Kalinitschew,S (2469) 2. Bundesliga
Nord 2011/12 Berlin 2012 1-0 (44)}) 9... Bxd5 10. exd5 Nce7 11. Ne3 Nf6 12. Be2
g6 13. O-O Bh6 14. c4 O-O 15. b4 b6 16. Bb2 Nd7 17. a3 f5 18. Qa4 Ra8 19. Rfd1
Qc7 20. Rac1 a5 21. Qb3 Qa7 22. Ra1 Qb7 23. Rac1 Qa7 {Maksimenko,A (2489)
-Kalinitschew,S (2416) 2. Bundesliga Nord 2014/15 Berlin 2014 1-0 (64)}) (8...
Rc8 9. Ne3 Nf6 10. g3 h5 11. h4 g6 12. Bg2 Nd4 13. O-O Bh6 14. f4 Bg4 15. Nxg4
Nxg4 16. Bf3 Nxf3+ 17. Qxf3 O-O 18. Kh1 Rc4 19. f5 Bxc1 20. Raxc1 Rd4 21. Rcd1
Rxd1 22. Nxd1 d5 23. fxg6 {Roseneck,J (2107)-Rosmann,I (2288) Berlin WOOKS
2016 1-0 (27)}) 9. Ne3 Nf6 10. g3 g6 11. Bg2 Bg7 12. O-O Rc8 13. Ncd5 Bxd5 14.
Nxd5 Nxd5 15. exd5 Ne7 16. c3 O-O 17. a4 Qa5 18. Bd2 f5 19. Re1 Qc7 20. axb5
axb5 21. Qe2 Rb8 22. Be3 Rb7 23. f4 e4 24. Red1 b4 25. c4 Nc8 26. Bf1 Nb6 27.
c5 dxc5 28. d6 Qc6 29. Ra6 Rd8 30. Qc4+ Kh8 31. Qxc5 Qxc5 32. Bxc5 Nd7 33. Bd4
Bxd4+ 34. Rxd4 Kg7 35. Rc6 Kf6 36. Rc7 Rb6 37. Bc4 g5 38. Kf2 gxf4 39. gxf4 b3
40. Ke3 Rb4 41. Bd5 Rb6 42. Bc4 Rb4 43. Bd5 Nb6 44. Rxh7 Rxd4 45. Kxd4 Kg6 46.
Re7 Rxd6 47. Re6+ Rxe6 48. Bxe6 Na4 49. Bxb3 Nxb2 50. Bc2 1/2-1/2

[Event "SC Kreuzberg IM-Turnier 2018"]
[Site "Berlin"]
[Date "2018.08.10"]
[Round "5.5"]
[White "Muse, Drazen"]
[Black "Moritz, Aron"]
[Result "1/2-1/2"]
[WhiteElo "2361"]
[BlackElo "2199"]
[Annotator "Andreas Lange/BerlinBase_Referenz"]
[PlyCount "69"]
[EventDate "2018.08.06"]
[EventType "tourn"]
[EventRounds "9"]
[EventCountry "GER"]
[SourceTitle "SC Kreuzberg IM 2018"]
[Source "Andreas Lange"]
[SourceDate "2018.08.16"]
[SourceVersion "1"]
[SourceVersionDate "2018.08.16"]
[SourceQuality "1"]

{A48: Königsindisch (ohne c2-c4)} 1. d4 Nf6 2. Nf3 g6 3. Bg5 Bg7 4. Nbd2 c5 5.
Bxf6 Bxf6 6. Ne4 Qb6 (6... Bg7 7. Nxc5 Nc6 8. Nb3 d5 9. e3 O-O 10. Be2 e5 11.
dxe5 Nxe5 12. Nxe5 Bxe5 13. c3 Be6 14. Nd4 Qc7 15. h3 a6 16. Bg4 Qb6 17. Bxe6
fxe6 18. Qe2 Bg7 19. O-O e5 20. Nb3 a5 21. Rad1 {Herrmann,A-Doell,D
Regionalliga Nord Staffel Sued Deutschland 1989 1-0 (39)}) (6... Bxd4 7. Nxd4
cxd4 8. Qxd4 O-O 9. c4 Qa5+ 10. Qd2 Qe5 11. Nc3 Nc6 12. e4 d6 13. Be2 Be6 14.
O-O Rfc8 15. Rad1 Qa5 16. b3 g5 17. b4 Qxb4 18. Qxg5+ Kh8 19. Nd5 Qc5 20. Qh4
Re8 21. Bd3 Qd4 22. Nc7 Ne5 23. Nxa8 Rxa8 24. Bb1 Qc3 25. Qxe7 Nf3+ 26. Kh1 Rg8
27. e5 Rxg2 28. Qf6+ Kg8 29. Kxg2 Nxe5 30. Rd3 $1 {1-0 (30) Straeter,T (2327)
-Heinemann,T (2427) 1. Bundesliga 2011/12 Dortmund 2012}) 7. Nxf6+ Qxf6 8. d5
Qxb2 9. e4 Qc3+ 10. Nd2 O-O 11. Bd3 f5 12. O-O f4 13. Rb1 d6 14. Re1 Nd7 15.
Bb5 Ne5 16. Rb3 Qa5 17. Nc4 Qc7 18. Nxe5 dxe5 19. Be2 Rb8 20. c4 Bd7 21. Qd2
Rf6 22. h3 Kg7 23. Ra1 h5 24. a4 a5 25. Qb2 Kh6 26. Qb1 b6 27. Ra2 Rg8 28. Qd1
Rgf8 29. Rd3 Qd6 30. Rb2 Rg8 31. Ra2 Rgf8 32. Qd2 Kh7 33. Ra1 Kg7 34. Raa3 Kh7
35. Qd1 1/2-1/2

[Event "SC Kreuzberg IM-Turnier 2018"]
[Site "Berlin"]
[Date "2018.08.11"]
[Round "6.1"]
[White "Brunello, Marina"]
[Black "Moritz, Aron"]
[Result "1-0"]
[WhiteElo "2280"]
[BlackElo "2199"]
[Annotator "Andreas Lange/BerlinBase_Referenz"]
[PlyCount "73"]
[EventDate "2018.08.06"]
[EventType "tourn"]
[EventRounds "9"]
[EventCountry "GER"]
[SourceTitle "SC Kreuzberg IM 2018"]
[Source "Andreas Lange"]
[SourceDate "2018.08.16"]
[SourceVersion "1"]
[SourceVersionDate "2018.08.16"]
[SourceQuality "1"]

{B08: Pirc-Ufimzew-Verteidigung} 1. e4 g6 2. d4 Bg7 3. Nc3 d6 4. Nf3 a6 5. Be3
Nf6 6. a4 (6. Qd2 b5 7. Bh6 O-O 8. Bd3 Nc6 9. Bxg7 Kxg7 10. e5 dxe5 11. dxe5
Ng4 12. O-O-O b4 13. Rhe1 bxc3 14. Qxc3 Nxf2 15. Be4 Nxe4 16. Qxc6 Qe8 17. Qxa8
Nc5 18. Qd5 Qb5 19. Nd4 Qb6 20. Nb3 Ne6 {Bruchmann,S (2295)-Buchal,S (2334) 2.
Bundesliga Nord 2010/11 Bremen 2010 ½-½ (50)}) 6... O-O 7. Bd3 Nc6 8. d5 Ne5
9. Nxe5 dxe5 10. a5 e6 11. dxe6 Bxe6 12. O-O Qd6 13. Na4 Qc6 14. f3 Rad8 15.
Nc5 Nh5 16. b4 Nf4 17. Qb1 Nxd3 18. cxd3 Bc8 19. Rc1 Qb5 20. Rc4 b6 21. axb6
cxb6 22. Na4 Be6 23. Nxb6 Bxc4 24. dxc4 Qc6 25. Rxa6 f5 26. b5 Qc7 27. Qc2 fxe4
28. Qxe4 Rd1+ 29. Kf2 Rfd8 30. Nd5 Qf7 31. Ra7 Qf8 32. b6 Kh8 33. b7 Qe8 34.
Qc2 Rh1 35. Qa4 Rb1 36. Qxe8+ Rxe8 37. Ra8 1-0